000 00424cam a22001337a 4500
008 180718b1959 xxu||||| |||| 00| 0 eng d
082 _aA2:R In2/7
245 _aBibliography on workers education
_cedited by P.N. Kaula
260 _aNew Delhi
_bMinistry of Labour and Employment
_c1959
300 _a48+p.
500 _aBibliographical Series, 7
700 _aIndia. Ministry of Labour and Employment
700 _aKaula, P.N.
999 _c487214
_d487214